| 000 | 01200nam a22003135i 4500 | ||
|---|---|---|---|
| 003 | EG-ScBUE | ||
| 005 | 20221218092120.0 | ||
| 008 | 160223s2012 cc a f b 000 0 eng d | ||
| 020 | _a9787214077141 | ||
| 040 |
_aEG-ScBUE _beng _erda _cEG-ScBUE _dEG-ScBUE |
||
| 082 | 0 | 4 |
_a727.1 _bCOL _222 |
| 245 | 0 | 0 |
_aColorful childhood : _bcontemporary world kindergarten design = 七彩童年 : 世界当代幼儿园设计 = Shi jie dang dai you er yuan she ji / _cFeng huang kong jian. |
| 246 | 3 | 1 | _a七彩童年 : 世界当代幼儿园设计 |
| 246 | 3 | 1 | _aShi jie dang dai you er yuan she ji |
| 264 | 1 |
_aNanjing : _bJiangsu ren min chu ban she : _bifengspace, _c2012. |
|
| 300 |
_a319 pages : _bcolor illustrations ; _c30 cm. |
||
| 336 |
_2rdacontent _atext _btxt |
||
| 337 |
_2rdamedia _aunmediated _bn |
||
| 338 |
_2rdacarrier _avolume _bnc |
||
| 490 | 0 |
_aCheng zhang xi lie = _a成长系列 |
|
| 504 | _aIncludes bibliographical references. | ||
| 650 | 7 |
_aArchitecture and children. _2BUEsh |
|
| 650 | 7 |
_aKindergarten facilities _xDesign. _2BUEsh |
|
| 651 | _2BUEsh | ||
| 653 |
_bENGARC _cFebruary2016 |
||
| 655 | _vReading book | ||
| 700 | 1 |
_aJian, Feng Huang Kong, _eeditor. _939419 |
|
| 942 |
_2ddc _cBB |
||
| 999 |
_c21218 _d21190 |
||